Nuevo diccionario de catequética
Sábháilte in:
| Príomhchruthaitheoirí: | , , |
|---|---|
| Rannpháirtithe: | |
| Formáid: | LEABHAR |
| Teanga: | Spáinnis |
| Foilsithe / Cruthaithe: |
Madrid
San Pablo
1999
|
| Ábhair: | |
| Clibeanna: |
Cuir clib leis
Níl clibeanna ann, Bí ar an gcéad duine le clib a chur leis an taifead seo!
|
MARC
| LEADER | 00000nam a2200000 a 4500 | ||
|---|---|---|---|
| 001 | UCL2529 | ||
| 003 | CL-VaPUC | ||
| 008 | 031024e19990000SP |||||||||||||||||spa|d | ||
| 020 | |a 8428522111 | ||
| 020 | |a 842852212Xv.1 | ||
| 020 | |a 8428522138v.2 | ||
| 082 | 0 | 4 | |a 268 |b PED |2 21 |
| 100 | 0 | |a Pedrosa, Vicente María |e author |9 479641 | |
| 700 | |a Navarro González, María |e autora |9 479642 | ||
| 700 | 0 | |a Lázaro, R |e author |9 479643 | |
| 700 | 0 | |a Sastre, J |e author |9 479644 | |
| 245 | 1 | 0 | |a Nuevo diccionario de catequética |
| 300 | |a 2 v | ||
| 942 | |c BK | ||
| 945 | |d 20031024 00:00:00 |a cmena | ||
| 260 | |a Madrid |b San Pablo |c 1999 | ||
| 500 | |a v.1: A-I | ||
| 500 | |a v.2: J-Z | ||
| 650 | 0 | |a Catequesis |9 314526 | |
| 650 | 0 | |a Diccionarios |9 256200 | |
| 650 | 0 | |a Glosarios |9 261047 | |
| 650 | 0 | |a Educación religiosa |9 308312 | |
| 583 | |a last modification |c 20031024 00:00:00 |k Rodrigo Vera | ||
| 999 | |c 305827 |d 305825 | ||
| 952 | |0 0 |1 0 |4 0 |6 268_000000000000000_PED_1999 |7 0 |8 F |9 370293 |a BIBTEO |b BIBTEO |d 2019-11-21 |h v.1 |i 3950646 |o 268 PED 1999 |p 3950646 |r 2025-01-17 |w 2019-11-21 |y BK_F |k ICR | ||
| 952 | |0 0 |1 0 |4 0 |6 268_000000000000000_PED_1999 |7 0 |8 F |9 370294 |a BIBTEO |b BIBTEO |d 2019-11-21 |h v.2 |i 3950654 |o 268 PED 1999 |p 3950654 |r 2025-01-17 |w 2019-11-21 |y BK_F |k ICR | ||